=LDR 00000nam 2200000 4500 =001 NUTBA000000000001942 =005 20140526104958.0 =006 =007 =008 =020 ##$$a 979-22-4104-3 =035 ##$$a 0010-051400000000407 =040 ##$$a Ind =082 ##$$a 813 =090 ##$$a 813$bAhe d =100 ##$$a Ahern, Cecelia. =245 ##$$a Where rainbowns end$bDiujung pelangi$cCecelia ahern =250 ##$$a Cet.2 =260 ##$$a Jakarta$bgramedia pustaka utama$c2009. =300 ##$$a 630 Hlm$c15 cm. =850 ##$$a NBPNMAT =990 ##$$a 21101861 =990 ##$$a 21400613/BPAP-NTB/20142014